LEADER 01153nam 2200373 450 001 000002614 005 20070503173300.0 100 $a--------d1931----km-y0itay0103----ba 101 0 $aeng 102 $aUS 200 1 $aPlays$fby John Galsworthy 200 1 $a1 $n0004211 210 $aNew York$cScribner$d1931 215 $aVI, 698 p.$d19 cm. 676 $a822.91 700 1$aGalsworthy,$bJohn$0161863 801 0$aIT$bUniversità della Basilicata - B.I.A.$gRICA$2unimarc 912 $a000002614 996 $aPlays$971346 997 $aUNIBAS BAS $aMONLET BAS $aMONOGR BAS $aLETTERE CAT $aCARLUCCI$b01$c19990907$lBAS01$h1043 CAT $c20000920$lBAS01$h1830 CAT $c20001010$lBAS01$h1633 CAT $c20050601$lBAS01$h1753 CAT $abatch$b01$c20050718$lBAS01$h1047 CAT $c20050718$lBAS01$h1106 CAT $c20050718$lBAS01$h1136 CAT $c20050718$lBAS01$h1151 CAT $aBATCH$b00$c20070503$lBAS01$h1733 FMT Z30 -1$lBAS01$LBAS01$mBOOK$1BASA1$APolo Storico-Umanistico$2GEN$BCollezione generale$3FP/3115$9FP/3115$63115$5L3115$819990907$f02$FPrestabile Generale LEADER 00831nam2 2200253 450 001 000045031 005 20180913092637.0 100 $a20180912d1913----km-y0itaa50------ba 101 0 $afre 102 $aFR 200 1 $aPomone$fPéladan 210 $aParis$cSansot$d[1913] 215 $a228 p.$d19 cm. 461 1$1001000045028$12001$a<> decadence latine. Ethopee$v20 700 1$aPéladan,$bJoséphin$0757611 801 0$aIT$bUniversità della Basilicata - B.I.A.$gREICAT$2unimarc 912 $a000045031 996 $aPomone$91535473 997 $aUNIBAS BAS $aLETTERE CAT $aMDL$b00$c20180912$lBAS01$h1019 CAT $aMDL$b30$c20180913$lBAS01$h0926 FMT Z30 -1$lBAS01$LBAS01$mBOOK$1BASA1$APolo Storico-Umanistico$2GEN$BCollezione generale$3FP/58489$658489$5L58489$820180912$f02$FPrestabile Generale